[Event "Olympiad-39"]
[Site "Khanty-Mansiysk"]
[Date "2010.10.03"]
[Round "11.3"]
[White "Quesada Perez, Yuniesky"]
[Black "Onischuk, Alexander"]
[Result "1/2-1/2"]
[WhiteElo "2614"]
[BlackElo "2688"]
[Annotator "Marin,M"]
[PlyCount "135"]
[EventDate "2010.09.21"]
[EventType "team-swiss"]
[EventRounds "11"]
[EventCountry "RUS"]
[SourceTitle "CBM 139"]
[Source "ChessBase"]
[SourceDate "2010.11.18"]
[SourceVersion "1"]
[SourceVersionDate "2010.11.18"]
[SourceQuality "1"]
[WhiteTeam "Cuba"]
[BlackTeam "US of America"]
[WhiteTeamCountry "CUB"]
[BlackTeamCountry "USA"]

1. e4 e5 2. Nf3 Nc6 3. Bb5 a6 4. Ba4 Nf6 5. O-O Be7 6. Re1 b5 7. Bb3 O-O 8. h3
Bb7 9. d3 Re8 ({After his insuccess against Karjakin with the sharper} 9... d5
{, Onischuk returns to a more solid continuation that he had employed
previously.}) 10. Nc3 {The most popular answer, aiming to complete the
development as soon as possible and start an attack against the vulnerable
f7-square.} (10. c3 {is a solid, but somewhat slower alternative.} Bf8 (10...
h6 11. Nbd2 Bf8 {Sasikiran,K (2700)-Sargissian,G (2658)/Zafra 2007/CBM 117/
[Ftacnik] (0-1, 39)}) 11. Bg5 {Topalov,V (2670)-Short,N (2645)/Elenite 1995/
CBM 050/[Topalov] (1-0, 43)}) ({The same applies to} 10. a3 h6 11. Nc3 Bf8 {
Psakhis,L (2610)-Mitkov,N (2485)/New York 1997/CBM 057 ext/[Psakhis] (1-0, 49)}
) 10... Bb4 $5 {[%cal Gb4e1] A slightly speculative continuation, aimint to
take advantage of the drawbacks of White's previous move.} ({The main point
behind 10.Nc3 is that} 10... Bf8 $2 {loses to} 11. Ng5 Re7 12. Nd5 $1 {This
knight jump is not available in the lines starting with 10.c3 or 10.a3.} Nxd5
13. exd5 Nd4 14. d6 cxd6 15. Qh5 $18) (10... h6 {has a solid reputation,
partly because of Leko's efforts.} 11. a4 (11. Nd5 {Anand,V (2779)-Leko,P 
(2749)/Morelia/Linares 2007/CBM 117/[Mihail Marin] (1/2, 26)}) 11... b4 12. Nd5
{Jakovenko,D (2710)-Leko,P (2755)/Moscow 2007/CBM 122/[Postny] (1/2, 61)}) 11.
Ng5 (11. a3 Bxc3 12. bxc3 Na5 13. Bg5 {led to interesting play, not without
chances for Black in Kasimdzhanov,R (2670)-Anand,V (2792)/Germany 2006/CBM 113/
[Anand] (0-1, 31)}) 11... Rf8 {Black's play may seem a bit chaotic, with his
already developed pieces moving forth and back. However, the knight jump to g5
has left White's position a bit hanging; if the attack will fail, Black may
get strong counterplay in the centre.} ({Abstractly speaking,} 11... Re7 $6 {
may look stronger, but concretely it appears that the rook is exposed on e7,
rather than active.} 12. Nd5 Bxe1 (12... Nxd5 $2 13. exd5 Bxe1 (13... Nd4 14.
d6 cxd6 15. Qh5 $18) 14. Qh5 h6 15. dxc6 $18) 13. Nxe7+ (13. Nxf6+ $5 {is
interesting, but possibly not especially dangerous.} gxf6 14. Nxh7 Re6 (14...
Kxh7 15. Qh5+ Kg8 16. Bh6 $18) 15. Qh5 Bb4 $1 {The bishop hurries back to the
defence.} 16. Qh4 Be7 {White's incomplete development causes him problems
finding an effective way of steaming up his attack. There are several ways of
forcing a draw, but possibly nothing more than that:} 17. Bh6 Kxh7 18. Be3+ Kg7
19. Qg4+ {Black has to accept a draw by perpetual, since after having blocked
the e7-square} Kf8 $4 {leads to mate:} 20. Bh6+) 13... Qxe7 14. Qxe1 $14 {
Borisek,J (2495)-Jenni,F (2481)/Brno 2006/CBM 114 ext (1/2, 57). White has the
bishops pair and chances for a kingside attack starting with f4.}) 12. a3 {
This looks like a paradoxical move to me. White spends a tempo on inviting his
opponent to carry out an exchange that made part of his plan anyway. I suppose
that the main idea is to clear the a2-square for the bishop.} ({Another aspect
of the matter is that the immediate start of kingside operation with} 12. f4 {
allows Black find new horisons to the bishop that has moved twice already.} d6
13. a3 Bc5+ 14. Kh1 Nd4 (14... h6 15. Nf3 Nh5 $5 {looks like a more natural
way of starting an effective counterplay.} 16. Nxe5 Ng3+ 17. Kh2 dxe5 18. Kxg3
exf4+ 19. Bxf4 Bd6 20. Bxd6 Qxd6+ 21. Kf2 Nd4 $44 {[%cal Gd4b3]} 22. Ba2 Qc5
23. Kf1 Rae8 $40 {[%cal Gg8h8,Gf7f5]}) 15. Ba2 h6 16. Nf3 Re8 17. Nxd4 exd4 18.
Ne2 {The position is unclear. From structural point of view, White is better,
but his development is incomplete. Black felt like taking advantage of this
latter aspect immediately.} Ng4 $5 19. Rf1 ({The critical test to Black's
original idea is} 19. hxg4 {, for instance:} Qh4+ 20. Kg1 Rxe4 21. dxe4 d3+ 22.
Nd4 dxc2 23. Qe2 {I do not exclude the possibility that both players missed
this move.} Bxd4+ 24. Be3 Bxb2 25. Qxc2 Bxa1 26. Rxa1 {[%cal Ge4e5] Black does
not seem to have enough compensation for the piece.}) 19... Qh4 20. Qe1 Qxe1
21. Rxe1 Ne3 22. Bxe3 dxe3 23. Ng3 Rad8 24. Rad1 {Apparently, both players
felt incomfortable in this position, since they agreed to a draw in 1/2
Grischuk,A (2717)-Onischuk,A (2663)/Sochi 2007/CBM 118. White cannot attack
the e3-pawn easily; for instance, d3-d4 would leave the e4-pawn undefended.})
12... Bxc3 13. bxc3 Na5 {Black immediately starts fighting against the active
"Spanish" bishop.} (13... h6 14. Nf3 d6 {is less ambitious, but quite solid.
Having temporarily been deprived of the possibility of opening the f-file with
f2-f4, White has got another attacking plan, based on Nh4-f5.} 15. Nh4 (15. a4
Na5 16. Ba2 c5 17. Nh4 {Lutz,C (2580)-Navara,D (2725)/Germany 2007/CBM 118 
(1-0, 43)} Bc8 $5) 15... Bc8 {This seems to solve Black's problems.} (15... Na5
16. Ba2 c5 {is more ambitious. Black neglects the kingside defence for a
couple of moves, but burries the enemy bishop on a2.} 17. Re3 c4 18. Rg3 Nxe4 {
A simplifying operation, which will eventually lose a pawn, but will
strengthen the wall around the enemy bishop.} 19. dxe4 Qxh4 20. Qxd6 Nc6 21.
Bxh6 Rfd8 22. Rxg7+ Kh8 23. Rg4 Qxf2+ 24. Kxf2 Rxd6 {Understandably, computers
are enthusiastic about White's position. They cannot understand that, for
practical reasons, Black is a piece up. In Akopian,V (2698)-Jenni,F (2500)/
Novi Sad 2009/CBM 133 (0-1, 59), White could not prove adequate compensation
for this element.}) 16. Qf3 Na5 17. Ba2 c5 $11 {Svidler,P (2743)-Anand,V (2803)
/Sofia 2006/CBM 113/[Marin,M] (1/2, 38)}) 14. f4 {The most energetic
continuation.} (14. Ba2 c5 15. f4 exf4 16. e5 Nd5 17. Bxd5 Qxg5 18. Bxb7 {
1/2 Kramnik,V (2770)-Leko,P (2741)/Brissago 2004/CBM 103}) 14... d6 $1 $146 ({
A logical improvement over} 14... exf4 $6 {, which unnecessarily helps White
develop his bishop:} 15. Bxf4 c5 16. Bd6 c4 17. dxc4 bxc4 18. Ba4 Re8 19. e5 h6
20. Nxf7 $1 $36 {Dominguez,L (2678)-Nielsen,P (2649)/Havana 2007/CBM 118 ext 
(1-0, 40)}) 15. Rf1 ({Safer looks} 15. Ba2 {, keeping the bishop. Int his case,
} c5 {would transpose above.}) (15. f5 Nxb3 16. cxb3 d5 $132 {[%csl Ge4]
leaves White hanging in the centre.}) 15... Nxb3 16. cxb3 h6 17. Nf3 Nd7 {
Suddenly, it appears that White has set up kingside tension without being
sufficiently well developed. Black threatens to react with ...f5, clearing the
path to his bishop.} 18. fxe5 {Hoping to stabilize the position.} dxe5 19. Ne1
$6 {Aesthetically, this does not look good. White has all his pieces on the
back rank, while almost all his pawns are ligned up on the third rank. There
is a strong feeling of lack of coordination.} (19. Be3 f5 20. exf5 Rxf5 21. Qe2
{offers better chances to maintain the equality.}) 19... Nc5 20. Be3 Qd6 21.
Qc2 Rad8 $15 {Black is very active and White has problems with his backward
d3-pawn.} 22. Bxc5 Qxc5+ 23. Kh1 f5 $1 24. exf5 ({The attempt to simplify the
position with} 24. Rxf5 $2 Rxf5 25. exf5 {leaves the kingside vulnerable after}
Rf8 $17 {[%cal Gf8f5]}) 24... Qe3 {[%cal Ge3h3]} 25. Kh2 e4 {Black has strong
initiative.} 26. Rd1 (26. d4 c5 $1 $17) 26... Rd5 27. Qd2 Qxd2 28. Rxd2 Rdxf5
29. Rxf5 Rxf5 30. Kg1 Rc5 31. c4 Rc6 32. Rc2 Rd6 33. Rc3 exd3 34. Nxd3 bxc4 35.
bxc4 Be4 36. Nc5 Bg6 37. Kf2 Rc6 38. Nb3 Bf7 39. Nd2 Kf8 40. Ke2 Bd5 41. g3 Kf7
42. h4 Kg6 43. Kd3 Bg2 44. Ke2 Kf5 45. Re3 Kg4 46. Kf2 Rd6 47. Ne4 Bxe4 48.
Rxe4+ Kh3 49. Re7 Rf6+ 50. Ke2 Rg6 51. Rxc7 Rxg3 52. h5 Kh4 53. Rc5 Rxa3 54.
Rd5 a5 55. Kd2 Ra2+ 56. Kc3 a4 57. c5 a3 58. Kb3 Ra1 59. Re5 Kg4 60. Re7 a2 61.
Rxg7+ Kxh5 62. Rc7 Kg6 63. Kb2 Rc1 64. Kxa2 h5 65. Kb3 h4 66. Rc8 h3 67. Rh8
Rxc5 68. Rxh3 1/2-1/2

[Event "Primavara"]
[Site "Bucharest"]
[Date "1998.??.??"]
[Round "4"]
[White "Vasiesiu, Dan"]
[Black "Vajda, Levente"]
[Result "0-1"]
[WhiteElo "2420"]
[BlackElo "2440"]
[Annotator "Marin,M"]
[PlyCount "60"]
[EventDate "1998.??.??"]
[EventType "tourn"]
[EventRounds "15"]
[EventCountry "ROU"]
[EventCategory "9"]
[SourceTitle "EXT 1999"]
[Source "ChessBase"]
[SourceDate "1998.11.16"]
[SourceVersion "1"]
[SourceVersionDate "1998.11.16"]
[SourceQuality "1"]

1. e4 e5 2. Nf3 Nc6 3. Bb5 a6 4. Ba4 Nf6 5. O-O Be7 6. Re1 b5 7. Bb3 O-O 8. h3
Bb7 9. d3 h6 10. Nc3 Re8 11. a3 Bf8 12. Nd5 d6 13. Bd2 Nd7 14. Ba2 Ne7 15.
Nxe7+ Qxe7 16. Nh2 c6 17. f4 exf4 18. Bxf4 c5 19. Ng4 Nf6 20. Rf1 c4 $5 {ץa2}
21. Bxh6 Nxg4 22. Qxg4 d5 23. Bg5 $6 (23. exd5 $142) 23... Qc5+ 24. Kh1 dxe4
25. dxc4 bxc4 $132 26. Rad1 Rac8 27. Qd7 Qxg5 28. Qxf7+ Kh7 29. Qxb7 (29. Rf5
Re7 30. Qxf8 Rxf8 31. Rxg5 Rf2 $44) 29... e3 30. Rfe1 e2 (30... e2 31. Ra1 Bd6
$19 {/\Qg3, /\Qe5}) 0-1

[Event "Candidates sf"]
[Site "Elista"]
[Date "2007.06.03"]
[Round "1.9"]
[White "Shirov, Alexei"]
[Black "Adams, Michael"]
[Result "1/2-1/2"]
[WhiteElo "2699"]
[BlackElo "2734"]
[Annotator "Marin,M"]
[PlyCount "149"]
[EventDate "2007.05.27"]
[EventType "k.o."]
[EventRounds "12"]
[EventCountry "RUS"]
[SourceTitle "CBM 119"]
[Source "ChessBase"]
[SourceDate "2007.08.01"]
[SourceVersion "1"]
[SourceVersionDate "2007.08.01"]
[SourceQuality "1"]

{In order to understand better the psychological situation of the players, it
should be taken into account that Shirov had won the first two games of the
play-off and needed just a draw out of the remaining two games in order to
qualify to the finals. I remember that some 15 years ago I read an amusing
comment by Shirov. On the basis of two decisive games played in the last round
of tournaments of that time, he wrote something like: "If I play for a win, I
get a losing position. If I play for a win - the same happens. Maybe I should
play for a loss?!" In fact, at the turning point of the games he displayed the
required fighting spirit and both games ended successfully for him. To a
certain extent, the same will happen in this game.} 1. e4 e5 2. Nf3 Nc6 3. Bb5
a6 4. Ba4 Nf6 5. O-O Be7 6. Re1 b5 7. Bb3 O-O 8. h3 Bb7 9. d3 d6 10. a3 Qd7 11.
Nc3 Rfe8 ({The main alternatives are} 11... Rae8 {followed by ...Nd8-e6}) ({and
} 11... Nd8) 12. Ne2 Nd8 13. Ng3 Ne6 {Both sides have improved the placement
of their queen's knights and are close to completing the first phase of
mobilisation. Optically, Black seems to be slightly ahead in development, but
the difference of activity between the king's bishops is at least as important
(a typical feature of the Ruy Lopez).} 14. c3 {The most consistent
continuation. White is better prepared to occupy the centre with d4, because
his e4-pawn is better defended.} (14. Ng5 {is aimed to increase the activity
of the b3-bishop, but releases the pressure against the e5-pawn and allows
active counterplay.} d5 (14... Nxg5 15. Bxg5 h6 16. Bd2 d5 {also proved
sufficient for equality:} 17. exd5 Bxd5 18. Bxd5 Qxd5 19. Bc3 Bc5 20. Ne4 {
1/2-1/2 Anand,V (2786)-Leko,P (2749)/Monte Carlo 2005/CBM 105 ext}) 15. Nf5 Bf8
(15... Nc5 $5 {[%csl Yb3,Ye4]} 16. Nxe7+ Rxe7 17. Bxd5 Nxd5 18. exd5 Qxd5 $15)
16. Qf3 Nc5 (16... c5) 17. Bxd5 Nxd5 18. exd5 Bxd5 $15 {Shirov,A (2699)
-Svidler,P (2736)/Foros 2007/CBM 119 (1/2-1/2, 29)}) 14... c5 (14... Bf8 15.
Ng5 {Now that the f6-knight is not supported by the bishop any more, this
makes some sense.} ({However,} 15. d4 {is more consequent.}) 15... c5 (15...
Nxg5 16. Bxg5 $14 {[%csl Yf6]}) (15... d5 $1 {and the move ...Bf8 is more
useful than c3, if we compare with the game Shirov-Svidler.}) 16. Nxe6 fxe6 17.
d4 Qf7 18. Bg5 ({After} 18. dxc5 dxc5 {it is not easy to take advantage of the
weakness of the e5-pawn, while Black has every chance to take over the control
of the d-file.}) 18... Nd7 19. Qd2 h6 20. Be3 d5 $5 $132 {Dominguez,L (2638)
-Ponomariov,R (2723)/Cuernavaca 2006/CBM 112 (1/2-1/2, 82)}) 15. d4 exd4 16.
cxd4 d5 {The critical position. White has occupied the centre, but Black
reacts immediately.} 17. dxc5 $6 $146 {Probably played under the influence of
the situation in the match. After this release of the tension in the centre
several pieces will be exchanged, but in the endgame Black will maintain the
more active position.} ({The more consistent continuation is} 17. e5 Ne4 18.
Nf5 Bf8 19. Be3 {, with a structure typical for the Open Variation of the Ruy
Lopez (5...Nxe4). White has an advantage of space in the centre and chances
for a kingside attack, but Black's knights are very actively placed. The way
White will take advantage of the d4-square will be of great importance for the
final outcome of the battle.} a5 (19... Rac8 20. dxc5 N6xc5 21. N5d4 Nxb3 22.
Qxb3 Nc5 (22... Rc4 $5) 23. Qd1 a5 24. Qb1 Ne4 25. Rd1 $14 {Kamsky,G (2671)
-Ponomariov,R (2738)/Sofia 2006 (1-0, 41)}) 20. Bc2 Rad8 21. dxc5 N6xc5 22.
N5d4 b4 23. axb4 axb4 24. Ne2 (24. Nb3 $5 Nxb3 25. Bxb3 $14 {[%cal Ye3d4] /\Bd4
}) 24... Qc7 25. Rc1 Qb8 26. Ned4 Rc8 27. h4 h6 28. Nf5 Rcd8 29. Bd4 b3 30. Bb1
Bc8 31. Nd6 $5 Bxd6 32. exd6 Qxd6 33. Ne5 $44 {Morozevich,A (2730)-Grischuk,A 
(2719)/Sochi 2006/CBM 111 ext (1/2-1/2, 56)}) 17... dxe4 18. Qxd7 Nxd7 19. c6
Bxc6 20. Nxe4 Bxe4 21. Rxe4 Ndc5 22. Re3 Nxb3 23. Rxb3 Nc5 {A tempting move,} (
{but the immediate occupation of the central files with} 23... Rac8 24. Be3
Red8 $15 {deserves attention as well.} {In the event of} 25. a4 {Black can
prevent the activation of the white rooks with} b4 $1) 24. Re3 Bf6 $15 {
Black is better developed, but the symmetrical character of the position
offers White good chances of keeping the damage within bearable limits.} 25.
Rb1 Rad8 26. Rxe8+ Rxe8 27. Be3 Na4 28. Bd4 Bxd4 29. Nxd4 Re4 30. Nc6 Re6 31.
Nb4 Kf8 32. Kf1 Ke7 33. b3 Nc5 34. Nd5+ Kd7 35. b4 Rd6 36. Nc3 Rd3 37. Rd1
Rxd1+ 38. Nxd1 Na4 39. Ke2 Kd6 40. Kd3 Ke5 41. g3 g5 42. Ne3 f5 43. f3 f4 44.
Ng4+ Kf5 45. gxf4 Kxf4 46. Ke2 Nc3+ 47. Kf2 Nd5 48. Nh6 Ne3 49. Ng4 Nd1+ 50.
Ke2 Nc3+ 51. Kf2 h5 52. Nf6 h4 53. Nd7 Nd1+ 54. Kg2 Ne3+ 55. Kf2 Nc2 56. Nc5
Nxa3 57. Nxa6 Nc2 58. Nc7 Nd4 59. Nd5+ Ke5 60. Nc3 Kf4 61. Nd5+ Kf5 62. Nc3 Ke5
63. Kg2 Kd6 64. Kf2 Kc6 65. Ke3 Ne6 66. Ne2 Kd5 67. Kd3 Ke5 68. Ke3 Nc7 69. f4+
gxf4+ 70. Nxf4 Nd5+ 71. Nxd5 Kxd5 72. Kd3 Ke5 73. Ke3 Kd5 74. Kd3 Ke5 75. Ke3
1/2-1/2

[Event "Corus"]
[Site "Wijk aan Zee"]
[Date "2009.01.30"]
[Round "11"]
[White "Dominguez Perez, Leinier"]
[Black "Aronian, Levon"]
[Result "1-0"]
[WhiteElo "2717"]
[BlackElo "2750"]
[Annotator "Marin,M"]
[PlyCount "71"]
[EventDate "2009.01.17"]
[EventType "tourn"]
[EventRounds "13"]
[EventCountry "NED"]
[EventCategory "19"]
[SourceTitle "CBM 129"]
[Source "ChessBase"]
[SourceDate "2009.03.25"]
[SourceVersion "1"]
[SourceVersionDate "2009.03.25"]
[SourceQuality "1"]

1. e4 e5 2. Nf3 Nc6 3. Bb5 a6 4. Ba4 Nf6 5. O-O Be7 6. Re1 b5 7. Bb3 O-O 8. d4
{There has been some theoretical dispute in this line lately.} Nxd4 ({Black
can transpose to the Yates variation with} 8... d6 9. c3 Bg4 {, but this is
one of the lines the adherents of the Marshall Attack wish to avoid.}) 9. Nxd4
(9. Bxf7+ $5 {Ivanchuk,V (2751)-Leko,P (2753)/Morelia/Linares 2008/CBM 123/
[Marin,M] (1-0, 43)}) 9... exd4 10. e5 Ne8 11. c3 {This is the most ambitious
move, aiming for rapid piece development, at the cost of a pawn.} (11. Qxd4 {
Carlsen,M (2693)-Leko,P (2738)/Dortmund 2007/CBM 119/[Marin] (1/2, 29)}) 11...
dxc3 12. Nxc3 d6 13. Bd5 $5 {Although this move is not entirely new (it had
been played just once, in an old and not very relevant game), it may have come
as a surprise for Aronian. White starts chasing the enemy rook, which will
eventually lead to the win of an exchange.} (13. Qf3 {Jakovenko,D (2708)
-Karjakin,S (2686)/Foros 2007/CBM 119/[Marin,M] (1/2, 29)}) 13... Rb8 14. Be3
Be6 $1 $146 {This seems to be the best move. Black develops a piece, preparing
a very intelligent way to give up the exchange.} (14... c5 $6 15. exd6 Bxd6 $6
(15... Nxd6 $6 16. Bxc5 $16 {leaves White with the much better development in
conditions of material equality.}) ({Black's position looks dangerous after
the relatively better} 15... Qxd6 16. Qd2 $44 {[%cal Ge3f4,Ga1d1] , too}) 16.
Ne4 Qc7 17. Nxd6 Qxd6 (17... Nxd6 18. Bf4 $44) 18. Qf3 $6 (18. Rc1 $1 c4 19.
Ba7 $16) 18... Nf6 $6 (18... Bg4 $1 $11) 19. Bf4 Qxd5 20. Qxd5 Nxd5 21. Bxb8
Be6 $14 {Michailow,S-Muuss,K/Osterroenfeld 1996/EXT 2002 (1/2, 81)}) (14... b4
$6 {does not offer entirely adequate compensation after} 15. Ba7 (15. Na4 $2
dxe5 16. Ba7 Rb5) 15... bxc3 16. Bxb8 Bf5 17. Qb3 $14) ({the same as} 14...
dxe5 $6 15. Ba7 Bd7 16. Bxb8 Qxb8 17. Rxe5 $14) 15. Ba7 Bxd5 16. Bxb8 Bb7 17.
Ba7 Qa8 {This is the point. Black attacks the bishop and the g2-square.
However, White has resources still.} 18. exd6 Bxd6 19. Bd4 b4 $1 {In view of
the following forced line, it is essential to drive the enemy knight onto a
passive square.} 20. Na4 (20. Qg4 $2 {loses material to} h5 $1 21. Qg5 f6 $1
$17) 20... Bxg2 21. Rxe8 $1 (21. Qg4 $2 Bf3 $17) 21... Qxe8 (21... Rxe8 22. Qg4
$16) 22. Kxg2 c5 23. Be3 Qc6+ 24. f3 Re8 25. Bf2 {This is the critical moment
for the evaluation of White's 13.Bd5. Black has two pawns for the sacrificed
piece. White is underdeveloped still and his king is vulnerable. Optically, it
looks like if Black should have compensation.} c4 $2 {This is too slow and
allows White regroup in time.} ({The correct continuation of the attack was} 
25... Re5 $1 {The rook enjoys higher mobility on the fifth rank than on the
sixth. The importance of this detail will be revealed slightly later.} 26. Rc1
{This looks strongest. White develops a piece, putting the c5-pawn under
pressure.} ({After} 26. b3 {, consolidating the knight, Black could play} Rg5+
27. Bg3 f5 $5 28. Kf1 f4 29. Bf2 Qd7 $44) 26... Rg5+ 27. Bg3 ({It looks safer
to accept a draw by repetition with} 27. Kh1 Rd5 $1 {This is the kind of move
Black would not dispose over after Re8-e6.} 28. Qb3 Rf5 29. Kg2 Rg5+ $11 30.
Bg3 $2 Bxg3 31. hxg3 Qd6 32. f4 Qd2+ 33. Kf3 Rd5 $19) 27... h5 ({One point
behind the move Rc1 is that} 27... f5 $2 {loses to} 28. Nxc5 $1 Bxc5 29. Qd8+
$18) 28. Kf2 (28. Qd2 Rg6 {[%csl Ga4,Gf3][%cal Gh5h4]}) 28... Rd5 29. Qc2 h4
30. Bxh4 Rh5 31. Bg3 Bxg3+ 32. Kxg3 Qh6 $1 $40 ({Better than the modest} 32...
Rh3+ $6 $11)) 26. Nb6 $16 {Black is simply a piece down.} c3 (26... Re5 {
does not work anymore because of} 27. Nxc4 $1 $18) 27. bxc3 bxc3 28. Qd5 Qc7
29. Nc4 Bb4 30. Rc1 Re2 31. Rxc3 h6 32. Re3 Rxa2 33. Re8+ Kh7 34. Ne3 Rxf2+ 35.
Kxf2 Bc3 36. Kg2 1-0